|
|
|
|
| LEADER |
00000nam0a2200000 4500 |
| 001 |
52352 |
| 005 |
20231101211350.0 |
| 010 |
|
|
|a 5060008614
|
| 035 |
|
|
|a (RuTPU)RU\TPU\book\54859
|
| 090 |
|
|
|a 52352
|
| 100 |
|
|
|a 20030529d1991 m y0rusy50 ca
|
| 101 |
0 |
|
|a rus
|
| 102 |
|
|
|a RU
|
| 105 |
|
|
|a a j 000zy
|
| 200 |
1 |
|
|a Сборка трансформаторов
|e учебное пособие
|f В. Ш. Аншин, З. И. Худяков
|
| 205 |
|
|
|a 2-е изд., перераб. и доп.
|
| 210 |
|
|
|a Москва
|c Высшая школа
|d 1991
|
| 215 |
|
|
|a 287 с.
|c ил.
|
| 606 |
|
|
|a Трансформаторы
|x Сборка
|2 stltpush
|3 (RuTPU)RU\TPU\subj\61415
|9 78607
|
| 610 |
1 |
|
|a преобразовательная техника
|
| 610 |
1 |
|
|a сборка
|
| 610 |
1 |
|
|a параметры
|
| 610 |
1 |
|
|a материалы
|
| 610 |
1 |
|
|a магнитные системы
|
| 610 |
1 |
|
|a изоляция
|
| 610 |
1 |
|
|a обмотки
|
| 610 |
1 |
|
|a изготовление
|
| 610 |
1 |
|
|a монтаж
|
| 610 |
1 |
|
|a силовые трансформаторы
|
| 610 |
1 |
|
|a испытание
|
| 610 |
1 |
|
|a разборка
|
| 610 |
1 |
|
|a механизация
|
| 610 |
1 |
|
|a учебные пособия
|
| 675 |
|
|
|a 621.314.21.002(075.3)
|v 3
|
| 700 |
|
1 |
|a Аншин
|b В. Ш.
|g Владимир Шаевич
|
| 701 |
|
1 |
|a Худяков
|b З. И.
|g Зиновий Иванович
|
| 801 |
|
1 |
|a RU
|b 63413507
|c 20030529
|g PSBO
|
| 801 |
|
2 |
|a RU
|b 63413507
|c 20171218
|g PSBO
|
| 942 |
|
|
|c BK
|